| 000 | 00000nam 22000008a 4500 |
| 001 | 9.838474 |
| 003 | CaOODSP |
| 005 | 20221107151403 |
| 007 | cr ||||||||||| |
| 008 | 170619s2017 onc o f000 0 eng d |
| 020 | |a978-0-660-08841-9 |
| 040 | |aCaOODSP|beng |
| 043 | |an-cn--- |
| 086 | 1 |aA118-10/22-2014E-PDF |
| 245 | 00|aCrop profile for potato in Canada, 2014 |h[electronic resource] / |cprepared by Pesticide Risk Reduction Program, Pest Management Centre, Agriculture and Agri-Food Canada. |
| 250 | |a3rd ed. |
| 260 | |a[Ottawa] : |bAgriculture and Agri-Food Canada, |cc2017. |
| 300 | |a88 p. |
| 500 | |aIssued also in French under title: Profil de la culture de la pomme de terre au Canada, 2014. |
| 500 | |aCover title. |
| 504 | |aIncludes bibliographical references. |
| 692 | 07|2gccst|aCrops |
| 692 | 07|2gccst|aPotatoes |
| 710 | 1 |aCanada. |bAgriculture and Agri-Food Canada. |
| 710 | 2 |aPesticide Risk Reduction Program (Canada) |
| 775 | 08|tProfil de la culture de la pomme de terre au Canada, 2014 |w(CaOODSP)9.838475 |
| 795 | |tCrop profile for potato in Canada, 2011 / |w(CaOODSP)9.696994 |
| 856 | 40|qPDF|s1.40 MB|uhttps://publications.gc.ca/collections/collection_2017/aac-aafc/A118-10-22-2014-eng.pdf |
| 986 | |aAAFC No.: 12625E |